1797 1183 1838 1556 1487 1317 1761 1007 1736 1853 1206 1930 1549 1614 1617 1640 1430 1619 1311 1421 1111 1468 1668 1702 1900 1018 1448 1170 1231 1053 1444 1261 1516 1143 1054 1626 1302 1037 1570 1373 1294 1574 1340 1739 1529 1420 1485 1848 1561 1828 1555 1782 1548 1827 1557 1587 1592 1593 1906 1505 1123 1407 1606 1609 1244 1783 1891 1656 1382 1557 1684 1792 1304 1208 1715 1643 1639 1446 1304 1411 1492 1348 1759 1822 1487 1081 1521 1447 1256 1034 1369 1810 1728 1252 1311 1581 1858 1185 1933 BCNSPRNW ULIB Ver.6.0+V

เปลี่ยนเป็นภาษาไทย

Change to English
 แสดงรายละเอียดบรรณานุกรม
  กลับหน้าหลัก

Brief Record : Get Marc (ISO 2709) : E-mail record : QR code < ปิดหน้าต่าง
LEADER : 00000nam 2200000uu 4500
001    13399115150
003     ULIB
008    120713s2552||||th 000 0 tha d
020    ^a9786167061122
060  4 ^aBQ5620 อ968ส
100    ^aโอโซ
245    ^a365 วัน มหัศจรรย์สมาธิ=Every day Osho
250    ^aพิมพ์ครั้งที่ 1
260    ^aกรุงเทพฯ:^bโพสต์บุ๊กส์ ,^c2552
300    ^a527 หน้า
650  4 ^aการพัฒนาตนเอง
650  4 ^aจิตวิทยาประยุกต์
650  4 ^aสมาธิ^xแง่จิตวิทยา
945    ^p395^l0^i19142
995    เกษร
999    ^aทศพร เกษรทอง
รายการนี้ยังไม่มีแท็ก
คุณยังไม่ได้ล็อกอิน คุณสามารถมีกิจกรรมร่วมกับเว็บไซต์ได้ แต่ต้องล็อกอินก่อน ::
  ล็อกอิน

รายการสื่อสารสนเทศ

ลำดับที่ ประเภท เลขเรียก/บาร์โค้ด สถานที่ สถานะ
- ไม่พบข้อมูล -

รายการใกล้เคียง
    หัวเรื่อง [การพัฒนาตนเอง]
    หัวเรื่อง [จิตวิทยาประยุกต์]

BibComment


ยังไม่เคยถูกคอมเมนท์

คอมเมนท์ทรัพยากรรายการนี้
  คอมเมนท์: 365 วัน มหัศจรรย..


 Copyright 2026. Bcnsprnw @Library